Invisible Europeans? : Black people in the "new Europe" /

Bibliographic Details
Other Authors: Back, Les, 1962-, Nayak, Anoop
Format: Book
Language:English
Published: Handsworth, Birmingham : All Faiths for One Race (AFFOR), [1993]
Subjects:

MARC

Tag First Indicator Second Indicator Subfields
LEADER 00000cam a2200000Ii 4500
001 in00002016392
005 20151031144429.0
008 940519s1993 enka b 000 0 eng d
020 |a 0907127142 
035 |a (OCoLC)ocm30582564 
040 |a NYP  |c NYP  |d GZM  |d TXA  |d UtOrBLW 
043 |a e------ 
049 |a TXAM 
090 |a D1056.2.B55  |b I68 1993 
245 0 0 |a Invisible Europeans? :  |b Black people in the "new Europe" /  |c edited by Les Back & Anoop Nayak. 
264 1 |a Handsworth, Birmingham :  |b All Faiths for One Race (AFFOR),  |c [1993] 
264 4 |c ©1993 
300 |a x, 154 pages :  |b illustrations ;  |c 21 cm. 
336 |a text  |b txt  |2 rdacontent 
337 |a unmediated  |b n  |2 rdamedia 
338 |a volume  |b nc  |2 rdacarrier 
504 |a Includes bibliographical references (pages 147-154). 
505 0 |a "In and out of Europe" : a Black European perspective / David Forbes -- Roots in Europe : the African presence and European history / Simon Hinds -- The African heritage of white Europeans / Les Back -- "They say get back, we say fight back" : 1992 and the mobilisation of Black people / Avtar Singh Jouhl -- Racism in Birmingham : some underground oversights / Anoop Nayak -- The impact of globalisation on the British mis-education system / Maxine Howell -- Showing our colours! : the testimony of two Afro-German women / May Opitz and Katharina Oguntoye -- Black women in the "new Europe" / Dorothy Boatswain & Beverley Maynard -- Communities of resistance in Fortress Europe / Pauline Dunkwu -- Many flags into one? : European integration and racism in the 1990s and beyond / Anoop Nayak & Les Back. 
650 0 |a Blacks  |z Europe. 
650 0 |a Racism  |z Europe. 
651 0 |a Europe  |x Race relations. 
700 1 |a Back, Les,  |d 1962- 
700 1 |a Nayak, Anoop. 
948 |a cataloged  |b h  |c 2005/11/18  |d c  |e jgreene  |f 4:45:32 pm 
994 |a C0  |b TXA 
999 |a MARS 
999 f f |s 60402c98-151a-3cf6-8bd5-df00e98e57ce  |i de59c55f-b4f5-3c3e-9a69-19b30764496e  |t 0 
952 f f |p ric  |a Texas A&M University  |b Rellis Campus  |c Joint Library Facility  |d Remote Storage  |t 0  |e D1056.2.B55 I68 1993  |h Library of Congress classification  |i unmediated -- volume  |m A14833336712 
998 f f |a D1056.2.B55 I68 1993  |t 0  |l Remote Storage